| 000 | 005190000a22001930004500 | ||
|---|---|---|---|
| 020 | _a0-89922-206-4 | ||
| 041 | 0 | _aENG | |
| 082 | 0 | 4 | _aG 266.0092 O971v |
| 100 | 1 | _aOwen, Bob | |
| 245 | 1 | 0 | _aVíctor / Bob Owen, David Howard ; Eugenio Orellana, Traductor |
| 260 | _aSan José, Costa Rica : Caribe | ||
| 300 | _a151 Pag | ||
| 500 | _aTtitulo original : The Victor | ||
| 001 | 7468 | ||
| 942 | _cBK | ||
| 999 |
_c37681 _d37681 |
||
| 336 |
_atexto _btxt _2rdacontent |
||
| 337 |
_2rdamedia _asin mediación _bn |
||
| 338 |
_2rdacarrier _avolumen _bnc |
||